书目信息 |
| 题名: |
信息时代档案学理论研究与实践
|
|
| 作者: | 丁光勋 主编 | |
| 分册: | ||
| 出版信息: | 上海 上海三联书店 2007.05 |
|
| 页数: | 314页 | |
| 开本: | 21cm | |
| 丛书名: | ||
| 单 册: | ||
| 中图分类: | G270.7 | |
| 科图分类: | ||
| 主题词: | 信息技术--xin xi ji shu--应用--档案学--研究 | |
| 电子资源: | ||
| ISBN: | 978-7-5426-2512-0 | |
| 000 | 00842nam0 2200241 450 | |
| 001 | 012008759740 | |
| 005 | 20080509151433.42 | |
| 010 | @a978-7-5426-2512-0@dCNY20.00 | |
| 100 | @a20080509d2007 em y0chiy0120 ea | |
| 101 | 0 | @achi |
| 102 | @aCN@b310000 | |
| 105 | @aa a 000yy | |
| 106 | @ar | |
| 200 | 1 | @a信息时代档案学理论研究与实践@Axin xi shi dai dang an xue li lun yan jiu yu shi jian@f丁光勋主编@Fding guang xun zhu bian |
| 210 | @a上海@c上海三联书店@d2007.05 | |
| 215 | @a314页@c图@d21cm | |
| 320 | @a有书目 | |
| 330 | @a本论文集共收录了30篇文章,其中绝大多数是未曾公开发表或者未发表过的新作和同学的习作,展示了学术成果和学术风范。 | |
| 606 | 0 | @a信息技术@Axin xi ji shu@x应用@x档案学@x研究 |
| 690 | @aG270.7@v4 | |
| 701 | 0 | @a丁光勋@Ading guang xun@4主编 |
| 801 | 0 | @aCN@bQSSK@c20080509 |
| 905 | @b709234@dG270.7@eD527@f1 | |
| 信息时代档案学理论研究与实践/丁光勋主编.-上海:上海三联书店,2007.05 |
| 314页:图;21cm |
| ISBN 978-7-5426-2512-0:CNY20.00 |
| 本论文集共收录了30篇文章,其中绝大多数是未曾公开发表或者未发表过的新作和同学的习作,展示了学术成果和学术风范。 |
| ● |
| 相关链接 |
|
|
|
正题名:信息时代档案学理论研究与实践
索取号:G270.7/D527
 
预约/预借
| 序号 | 登录号 | 条形码 | 馆藏地/架位号 | 状态 | 备注 |
| 1 | 709234 | 207092340 | 社科库409/409社科库 60排3列1层/ [索取号:G270.7/D527] | 在馆 |